|
|
|
|
| LEADER |
01778nam a22004937a 4500 |
| 001 |
34162 |
| 003 |
BD-DhAAL |
| 005 |
20190110161235.0 |
| 008 |
190110t2018 sp a|||| |||| 00| 0 eng d |
| 999 |
|
|
|c 40403
|d 40403
|
| 020 |
|
|
|a 9788494234279
|
| 040 |
|
|
|a BD-DhAAL
|
| 043 |
|
|
|a ENG
|
| 082 |
|
|
|a 720.095492
|2 20
|
| 245 |
|
|
|a Dhaka totem /
|c Adnan Morshed ... [et al.].
|
| 246 |
|
|
|a ঢাকা টোটেম
|
| 300 |
|
|
|a 175 pages :
|b illustrations ;
|c 21 cm.
|
| 541 |
|
|
|a Complimentary Copy from Architecture Department
|e 34162
|
| 650 |
|
|
|a Architecture
|z Bangladesh
|x History
|9 29524
|
| 700 |
|
|
|a Morshed, Adnan
|9 29525
|
| 700 |
|
|
|a Rivas, Amparo Porta
|9 29526
|
| 700 |
|
|
|a Basurama
|9 29527
|
| 700 |
|
|
|a Elorza, Hector Fernandez
|9 29528
|
| 700 |
|
|
|a Alday, Iñaki
|9 29529
|
| 700 |
|
|
|a Arcos, Jesus
|9 29530
|
| 700 |
|
|
|a Jalil, Javed
|9 29531
|
| 700 |
|
|
|a Merina, Javier Sanchez
|9 29532
|
| 700 |
|
|
|a Guisado, Jesus Aparicio
|9 29533
|
| 700 |
|
|
|a Barai, Kuntal
|9 29534
|
| 700 |
|
|
|a Nipa, Maksuda Iqbal
|9 29535
|
| 700 |
|
|
|a Planelles, Marian
|9 29536
|
| 700 |
|
|
|a Villatoro, Paco Mejias
|9 29537
|
| 700 |
|
|
|a Auclair-Desmoulins, Pierre
|9 29538
|
| 700 |
|
|
|a Teerink, Rensje
|9 29539
|
| 700 |
|
|
|a Rubio, Ruben Garcia
|9 29540
|
| 700 |
|
|
|a Sajid-Bin-Doza
|9 29541
|
| 700 |
|
|
|a Prithi, Salma Abedin
|9 29542
|
| 700 |
|
|
|a Alam, Shahidul
|9 29543
|
| 700 |
|
|
|a Rovelli, Silvia
|9 29544
|
| 700 |
|
|
|a Shafique, Tanzil
|9 29545
|
| 700 |
|
|
|a Torhaug, Tor
|9 29546
|
| 852 |
|
|
|a Ayesha Abed Library
|c General Stacks
|
| 942 |
|
|
|2 ddc
|c BK
|
| 952 |
|
|
|0 0
|1 0
|2 ddc
|4 0
|6 720_095492000000000_DHA
|7 0
|9 64931
|a BRACUL
|b BRACUL
|c GEN
|d 2019-01-10
|e Complimentary Copy from Architecture Department
|l 10
|m 103
|o 720.095492 DHA
|p 3010034162
|q 2026-05-17
|r 2025-10-22
|s 2025-10-22
|t 1
|w 2019-01-10
|y BK
|